|
|
|
|
| LEADER |
01744cas a2200241 a 4500 |
| 001 |
AALejournalIMF017397 |
| 008 |
230101c9999 xx r poo 0 0eng d |
| 020 |
|
|
|c 5.00 USD
|
| 020 |
|
|
|z 9781475573176
|
| 022 |
|
|
|a 1934-7685
|
| 040 |
|
|
|a BD-DhAAL
|c BD-DhAAL
|
| 110 |
2 |
|
|a International Monetary Fund.
|b European Dept.
|
| 245 |
1 |
0 |
|a Austria :
|b Austria: Selected Issues.
|
| 264 |
|
1 |
|a Washington, D.C. :
|b International Monetary Fund,
|c 2017.
|
| 300 |
|
|
|a 1 online resource (36 pages)
|
| 490 |
1 |
|
|a IMF Staff Country Reports
|
| 500 |
|
|
|a <strong>Off-Campus Access:</strong> No User ID or Password Required
|
| 500 |
|
|
|a <strong>On-Campus Access:</strong> No User ID or Password Required
|
| 506 |
|
|
|a Electronic access restricted to authorized BRAC University faculty, staff and students
|
| 520 |
3 |
|
|a This Selected Issues paper discusses structural and fiscal reforms in Austria that could increase potential output. Structural measures focused on further liberalization of professional services, and lowering of the barriers to trade and investment to increase potential output. Although Austria is among the countries with least restrictive business environment, there is a room for further improvement. The policy recommendations focus mostly on startups, professional services (legal, accounting, architecture, and engineering professions), competition in network industries, and barriers to foreign direct investment, resulting in an estimated impact of roughly 1.5 percent of GDP in the medium term.
|
| 538 |
|
|
|a Mode of access: Internet
|
| 830 |
|
0 |
|a IMF Staff Country Reports; Country Report ;
|v No. 2017/027
|
| 856 |
4 |
0 |
|z Full text available on IMF
|u http://elibrary.imf.org/view/journals/002/2017/027/002.2017.issue-027-en.xml
|z IMF e-Library
|